| 000 | 00563nam a2200181Ia 4500 | ||
|---|---|---|---|
| 003 | IN-BaIIA | ||
| 008 | 211028s9999 xx 000 0 eng d | ||
| 020 | _a0-07-047974-7 | ||
| 040 | _cIIA Library | ||
| 080 |
_a(035)535 _bBAS |
||
| 100 |
_aBass Michael _919695 |
||
| 245 | 0 |
_aHandbook of Optics vol. II- Devices, Measurements, and properties. _cMichael Bass |
|
| 260 |
_aNew York _bMcGraw-Hill _c1995 |
||
| 300 | _a[various pagings.] | ||
| 650 |
_aOptical measurements _97410 |
||
| 650 | _aOptics | ||
| 942 | _cBK | ||
| 999 |
_c11437 _d11437 |
||